| 000 | 00643 a2200193 4500 | ||
|---|---|---|---|
| 020 | _a0553211021 (paperback) | ||
| 020 | _a9780553211023 (paperback) | ||
| 082 | 0 | 4 | _a823.8 |
| 090 |
_c4722 _d4722 |
||
| 100 | 1 | _aDickens, Charles. | |
| 245 | 1 | 0 |
_aOliver twist / _cCharles Dickens. |
| 260 |
_a[S.l.] : _bBantam Classics, _c1982. |
||
| 300 |
_a480 p. ; _c18 cm. |
||
| 490 | 1 | _aBantam classics. | |
| 520 | _aA young boy flees from an orphanage to London, only to be captured by thieves. | ||
| 830 | 0 | _aBantam classics. | |
| 856 | 4 | 0 |
_3Amazon.com _uhttp://www.amazon.com/exec/obidos/ASIN/0553211021/chopaconline-20 |
| 942 |
_aNBS _cBK _k823.8 DIC |
||
| 999 |
_c347154 _d347154 |
||